তাফসীর ইব্ন কাসীর / (Record no. 12303)
[ view plain ]
| 000 -LEADER | |
|---|---|
| fixed length control field | 00975nam a2200229 a 4500 |
| 001 - CONTROL NUMBER | |
| JCCL Control Number | 12303 |
| 003 - CONTROL NUMBER IDENTIFIER | |
| JCCL marc code | BD-JhCC |
| 005 - DATE AND TIME OF LATEST TRANSACTION | |
| control field | 20220822134023.0 |
| 008 - FIXED-LENGTH DATA ELEMENTS--GENERAL INFORMATION | |
| fixed length control field | 210926b19862021bg |||| ||a| 001 0 Ben d |
| 035 ## - SYSTEM CONTROL NUMBER | |
| system control number | (BD-JhCC)12303 |
| 040 ## - CATALOGING SOURCE | |
| Original cataloging agency | BD-JhCC |
| Modifying agency | BD-JhCC |
| 041 ## - LANGUAGE CODE | |
| Language code of Book | Bengali |
| 082 ## - DEWEY DECIMAL CLASSIFICATION NUMBER | |
| Classification number | 297.1227 |
| Author mark and Year | QAS 2021 |
| 100 ## - MAIN ENTRY--PERSONAL NAME | |
| Personal name | কাসীর, হাফিয আল্লামা ইমাদুদ্দীন ইব্ন |
| 245 ## - TITLE STATEMENT | |
| Title | তাফসীর ইব্ন কাসীর / |
| Statement of responsibility, etc | হাফিয আল্লামা ইমাদুদ্দীন ইব্ন কাসীর, অনু: ড.মহাম্মাদ মুজীবুর রহমান। |
| 260 ## - PUBLICATION, DISTRIBUTION, ETC. (IMPRINT) | |
| Place of publication, distribution, etc | ঢাকা: |
| Name of publisher, distributor, etc | প্রগ্রেসিভ পাবলিশার্স; |
| Date of publication, distribution, etc | ২০২১. |
| 300 ## - PHYSICAL DESCRIPTION | |
| Pagination | 716 p. : |
| Dimensions | 22 cm. |
| 650 ## - SUBJECT ADDED ENTRY--TOPICAL TERM | |
| Topical term or geographic name as entry element | Quran----Commentaries |
| 700 ## - ADDED ENTRY--PERSONAL NAME | |
| Personal name | রহমান,ড.মহাম্মাদ মুজীবুর |
| 942 ## - ADDED ENTRY ELEMENTS (KOHA) | |
| Source of classification or shelving scheme | Dewey Decimal Classification |
| Koha item type | Books |
| Koha issues (borrowed), all copies | 1 |
| Source of classification or shelving scheme | volume number | Damaged status | Not for loan | Home library | Current library | Shelving location | Date of accession | Cost, normal purchase price | Total Checkouts | Full call number | Barcode | Date last seen | Date checked out | Copy number | Koha item type |
|---|---|---|---|---|---|---|---|---|---|---|---|---|---|---|---|
| Dewey Decimal Classification | V-1,2,3 | JCC Rouf Library | JCC Rouf Library | General Stacks | 11/19/2024 | 338.00 | 3 | 297.1227 QAS 2021 | 16982 | 05/29/2025 | 04/28/2025 | C-1 | Books | ||
| Dewey Decimal Classification | V-4,5,6,7 | JCC Rouf Library | JCC Rouf Library | General Stacks | 338.00 | 297.1227 QAS 2015 | 16983 | 09/26/2021 | C-1 | Books | |||||
| Dewey Decimal Classification | V-8,9,10,11 | JCC Rouf Library | JCC Rouf Library | General Stacks | 414.00 | 297.1227 QAS 2015 | 16984 | 09/26/2021 | C-1 | Books | |||||
| Dewey Decimal Classification | V-12,13 | JCC Rouf Library | JCC Rouf Library | General Stacks | 338.00 | 297.1227 QAS 2015 | 16985 | 09/26/2021 | C-1 | Books | |||||
| Dewey Decimal Classification | V-14 | JCC Rouf Library | JCC Rouf Library | General Stacks | 225.00 | 297.1227 QAS 2015 | 16986 | 09/26/2021 | C-1 | Books | |||||
| Dewey Decimal Classification | V-15 | JCC Rouf Library | JCC Rouf Library | General Stacks | 375.00 | 297.1227 QAS 2015 | 16987 | 09/26/2021 | C-1 | Books | |||||
| Dewey Decimal Classification | V-16 | JCC Rouf Library | JCC Rouf Library | General Stacks | 338.00 | 297.1227 QAS 2015 | 16988 | 09/26/2021 | C-1 | Books | |||||
| Dewey Decimal Classification | V-17 | JCC Rouf Library | JCC Rouf Library | General Stacks | 338.00 | 297.1227 QAS 2019 | 16989 | 09/26/2021 | C-1 | Books | |||||
| Dewey Decimal Classification | V-18 | JCC Rouf Library | JCC Rouf Library | General Stacks | 07/26/2023 | 150.00 | 1 | 297.1227 QAS 2015 | 16990 | 08/02/2023 | 07/26/2023 | C-1 | Books |